000 00208nam a22000857a 4500
008 170617b xxu||||| |||| 00| 0 eng d
100 _93477
_aBhattacharya. B
245 _aGandhi
260 _aNew Delhi
_bN. B. T
_c2002
999 _c6851
_d6851